Lnlays of Subjectivity : (Record no. 171228)

MARC details
000 -LEADER
fixed length control field 00652nam a22001937a 4500
005 - DATE AND TIME OF LATEST TRANSACTION
control field 20200109112433.0
010 ## - LCCN (DPL NO)
LC control number ENG-127304
020 ## - INTERNATIONAL STANDARD BOOK NUMBER
Terms of availability 995.00
International Standard Book Number 9780199498727
035 ## - SYSTEM CONTROL NUMBER
System control number EN-110836
037 ## - SOURCE OF ACQUISITION
Source of stock number/acquisition DBAD/PUB.
082 ## - DEWEY DECIMAL CLASSIFICATION NUMBER
Classification number 800.8
100 ## - MAIN ENTRY--PERSONAL NAME
Personal name Govind,Nikhil
245 ## - TITLE STATEMENT
Title Lnlays of Subjectivity :
Statement of responsibility, etc by Nikhil Govind .
Remainder of title Affect and Action in Modern Indian Literature /
260 ## - PUBLICATION, DISTRIBUTION, ETC. (IMPRINT)
Place of publication, distribution, etc New Delhi
Name of publisher, distributor, etc oxford University press 2019.
Date of publication, distribution, etc 2019
270 ## - ADDRESS
Address 22 workspace,2nd floor,1/22 Asaf Ali Road .
City New Delhi
Postal code 110002
300 ## - PHYSICAL DESCRIPTION
Extent xiii,170p.
Dimensions 23cm.(hb)
500 ## - GENERAL NOTE
General note It includes Bibliograpy index
942 ## - ADDED ENTRY ELEMENTS (KOHA)
Source of classification or shelving scheme Dewey Decimal Classification
Item type English Books
Call number suffix GOV
Classification part 954.51
Holdings
Withdrawn status Lost status Not for loan Collection code Home library Current library Date acquired Source of acquisition Cost, normal purchase price Full call number Barcode Copy number Cost, replacement price Koha item type
      Non-fiction Shahdara Branch Shahdara Branch 09/01/2020 DBAD/PUB 995.00 954.51 GOV EN-110836 1 995.00 English Books

© Delhi Public Library
Hit Counter
free hit counter